| 000 | 01036nam a2200253 i 4500 | ||
|---|---|---|---|
| 003 | DO-SdBNP | ||
| 005 | 20251027112437.0 | ||
| 007 | ta | ||
| 008 | 240229s1989 dr o 000 j spa d | ||
| 040 |
_aDO-SdBNP _bspa _cBNPHU _erda |
||
| 082 |
_bP273i _222 |
||
| 100 | 1 |
_aMiller, Jeannette, _d1944- _983484 |
|
| 110 |
_aPartido de la Liberación Dominicana (PLD). _bComité Nacional Electoral. Equipo de Adiestramiento de Delegados _984959 |
||
| 245 | _aInstructivo para los delegados y sustitutos de delegados del pld ante las juntas electorales municipales y del Distrito Nacional, asi como ante las mesas electorales | ||
| 264 | 1 |
_aSanto Domingo : _bAlfa y Omega, _c1989. |
|
| 300 |
_a48 páginas, ; _c22 cm. |
||
| 336 |
_2rdacontent _atexto _btxt |
||
| 337 |
_2rdamedia _asin mediación _bn |
||
| 338 |
_2rdacarrier _avolumen _bnc |
||
| 500 | _aTenemos los votos para ganar ; hay que defender el triunfo en la mesa electoral | ||
| 505 | _tFragmentos de críticas y cartas -- | ||
| 590 | _aInventariado, 2024/ DG | ||
| 942 |
_2ddc _cLF2 |
||
| 999 |
_c56005 _d56005 |
||